| 000 | 01919nam1a2200433 i 4500 | ||
|---|---|---|---|
| 001 | RU\NLR\BIBL_A\012648482 | ||
| 005 | 20240922054913.0 | ||
| 010 | _a9785171362034 | ||
| 035 | _a(NLR Aleph) 012648482 | ||
| 090 |
_a12718902 _c12718902 |
||
| 100 | _a20211123g2021 um y0rusy50 ca | ||
| 101 | 1 |
_arus _cjpn |
|
| 102 | _aRU | ||
| 105 | _a||||t|||||||| | ||
| 181 | 0 |
_ab3 _bbb2e |
|
| 181 | 0 |
_ai1 _bab2e |
|
| 182 | 0 | _an | |
| 200 | 1 |
_aAssassin's Creed _iМеч Шао Цзюнь _e[манга] _eпо мотивам оригинальной видеоигры Ubisoft _f[Минодзи Курата _gпереводчик с японского: Наталья Румак] _gхудожник: Минодзи Курата |
|
| 203 |
_aИзображение _aТекст _bвизуальные _cнепосредственные |
||
| 210 |
_aМосква _cАСТ _d2021 |
||
| 215 | _d21 | ||
| 225 | 1 | _aСерия "Манга. Assassin's Creed" | |
| 300 | _aАвт. указан на концевой тит. с. | ||
| 300 | _aНа с. 2: По мотивам ориг. видеоигры Assassin's Creed Chronicles: China от Ubisoft! | ||
| 333 | _a18+ | ||
| 500 | 1 | 0 |
_7ba _aAssassin's Creed _lКомпьютерная игра _92636958 _3RU\NLR\AUTH\5505985 |
| 686 | 1 | _aШ6(5Я)67-440.4комикс{Лх2318-45комикс} | |
| 686 | 0 | _aЩ153(5Я)65-475 | |
| 700 | 1 |
_7ca _8rus _aКурата _bМ. _gМинодзи _9237149 _3RU\NLR\AUTH\770237205 |
|
| 702 | 1 |
_4040 _7ca _8rus _aКурата _bМ. _gМинодзи _9237149 _3RU\NLR\AUTH\770237205 |
|
| 702 | 1 |
_aРумак _bН. Г. _gНаталья Григорьевна _4730 |
|
| 712 | 0 | 2 |
_4570 _7ca _7ba _aUbisoft, компания _cМонтрёй _9778953 _3RU\NLR\AUTH\880556008 |
| 852 |
_aNLR _j2021-3/27044 |
||
| 942 | _cBOOK | ||